Statistics for FIFA golden ball winners

Click here to take the quiz!

General Stats

  • This quiz has been taken 238 times
  • The average score is 6 of 10

Answer Stats

Year Team Winner % Correct
2014ArgentinaMessi
99%
1998BrazilRonaldo
94%
2006FranceZidane
85%
1986ArgentinaMaradona
84%
2010UruguayForlan
75%
2002GermanyKahn
48%
1994BrazilRomario
48%
1982ItalyRossi
40%
1978ArgentinaKempes
35%
1990ItalySchillaci
12%

Score Distribution

Percentile by Number Answered

Percent of People with Each Score

Your Score History

You have not taken this quiz